[Event "Deutsche Ländermeisterschaft 2023"]
[Site "Hannover GER"]
[Date "2023.10.02"]
[Round "3"]
[White "Petrovskiy, Vadim"]
[Black "Hinrichs, Paul"]
[Result "1-0"]
[Termination "normal"]
[Board "2.1"]
[WhiteTitle "IM"]
[WhiteElo "2413"]
[BlackElo "2231"]
[WhiteClock "00:21:04"]
[BlackClock "00:24:34"]
[WhiteTeam "Hessen"]
[BlackTeam "Rheinland-Pfalz"]
[PlyCount "101"]
[WhiteFideId "14165210"]
[BlackFideId "12942545"]
[EventCountry "GER"]
[EventRounds "7"]
[EventType "team-swiss"]
[EventDate "2023.09.30"]

1. e4 {[%clk 01:12:29]} {[%emt 00:00:03]} e5 {[%clk 01:30:57]} {[%emt
00:00:03]} 2. Nf3 {[%clk 01:11:53]} {[%emt 00:01:01]} Nc6 {[%clk 01:31:21]}
{[%emt 00:00:11]} 3. Bb5 {[%clk 01:12:04]} {[%emt 00:00:19]} a6 {[%clk
01:31:30]} {[%emt 00:00:22]} 4. Ba4 {[%clk 01:12:27]} {[%emt 00:00:06]} Nf6
{[%clk 01:31:53]} {[%emt 00:00:07]} 5. O-O {[%clk 01:12:48]} {[%emt 00:00:10]}
Be7 {[%clk 01:32:20]} {[%emt 00:00:03]} 6. Re1 {[%clk 01:12:30]} {[%emt
00:00:48]} b5 {[%clk 01:32:46]} {[%emt 00:00:04]} 7. Bb3 {[%clk 01:12:55]}
{[%emt 00:00:05]} d6 {[%clk 01:33:12]} {[%emt 00:00:04]} 8. c3 {[%clk
01:13:20]} {[%emt 00:00:05]} O-O {[%clk 01:33:37]} {[%emt 00:00:04]} 9. h3
{[%clk 01:13:47]} {[%emt 00:00:03]} Bb7 {[%clk 01:33:58]} {[%emt 00:00:08]} 10.
d4 {[%clk 01:14:09]} {[%emt 00:00:08]} Re8 {[%clk 01:34:21]} {[%emt 00:00:07]}
11. Nbd2 {[%clk 01:14:32]} {[%emt 00:00:07]} Bf8 {[%clk 01:34:45]} {[%emt
00:00:07]} 12. d5 {[%clk 01:14:08]} {[%emt 00:00:54]} Nb8 {[%clk 01:35:00]}
{[%emt 00:00:14]} 13. Nf1 {[%clk 01:14:29]} {[%emt 00:00:09]} Nbd7 {[%clk
01:34:51]} {[%emt 00:00:40]} 14. Ng3 {[%clk 01:14:52]} {[%emt 00:00:07]} Nc5
{[%clk 01:35:08]} {[%emt 00:00:12]} 15. Bc2 {[%clk 01:14:33]} {[%emt 00:00:49]}
c6 {[%clk 01:35:32]} {[%emt 00:00:06]} 16. b4 {[%clk 00:58:17]} {[%emt
00:16:45]} Ncd7 {[%clk 01:35:58]} {[%emt 00:00:03]} 17. dxc6 {[%clk 00:58:41]}
{[%emt 00:00:06]} Bxc6 {[%clk 01:36:23]} {[%emt 00:00:05]} 18. Nh2 {[%clk
00:54:48]} {[%emt 00:04:24]} Nb6 {[%clk 01:25:33]} {[%emt 00:11:21]} 19. Qf3
{[%clk 00:52:23]} {[%emt 00:02:55]} h6 {[%clk 01:15:12]} {[%emt 00:10:51]} 20.
Nf5 {[%clk 00:50:20]} {[%emt 00:02:33]} Nc4 {[%clk 00:57:39]} {[%emt 00:18:02]}
21. Qg3 {[%clk 00:34:42]} {[%emt 00:16:08]} Kh7 {[%clk 00:55:56]} {[%emt
00:02:13]} 22. Ng4 {[%clk 00:35:00]} {[%emt 00:00:12]} Nxg4 {[%clk 00:54:58]}
{[%emt 00:01:29]} 23. hxg4 {[%clk 00:35:22]} {[%emt 00:00:08]} g6 {[%clk
00:55:11]} {[%emt 00:00:16]} 24. Ne3 {[%clk 00:34:36]} {[%emt 00:01:17]} Nb6
{[%clk 00:55:08]} {[%emt 00:00:33]} 25. Qf3 {[%clk 00:33:29]} {[%emt 00:01:36]}
Ra7 {[%clk 00:53:26]} {[%emt 00:02:12]} 26. Bb2 {[%clk 00:32:11]} {[%emt
00:01:49]} Qa8 {[%clk 00:51:36]} {[%emt 00:02:20]} 27. Rad1 {[%clk 00:31:48]}
{[%emt 00:00:53]} Rd7 {[%clk 00:49:02]} {[%emt 00:03:04]} 28. Bc1 {[%clk
00:30:53]} {[%emt 00:01:25]} Bg7 {[%clk 00:46:47]} {[%emt 00:02:45]} 29. Qh3
{[%clk 00:24:32]} {[%emt 00:06:50]} Kg8 {[%clk 00:40:29]} {[%emt 00:06:49]} 30.
Nf1 {[%clk 00:24:36]} {[%emt 00:00:26]} d5 {[%clk 00:35:48]} {[%emt 00:05:10]}
31. Bxh6 {[%clk 00:24:25]} {[%emt 00:00:42]} dxe4 {[%clk 00:36:06]} {[%emt
00:00:11]} 32. Rxd7 {[%clk 00:23:45]} {[%emt 00:01:09]} Nxd7 {[%clk 00:36:33]}
{[%emt 00:00:03]} 33. Ng3 {[%clk 00:23:35]} {[%emt 00:00:40]} Nf6 {[%clk
00:34:57]} {[%emt 00:02:06]} 34. Bxg7 {[%clk 00:23:35]} {[%emt 00:00:30]} Kxg7
{[%clk 00:35:20]} {[%emt 00:00:07]} 35. g5 {[%clk 00:24:01]} {[%emt 00:00:04]}
Nh7 {[%clk 00:30:32]} {[%emt 00:05:18]} 36. Qh6+ {[%clk 00:24:08]} {[%emt
00:00:23]} Kg8 {[%clk 00:31:00]} {[%emt 00:00:02]} 37. Bxe4 {[%clk 00:24:25]}
{[%emt 00:00:13]} Re6 {[%clk 00:28:33]} {[%emt 00:02:57]} 38. Bxc6 {[%clk
00:23:55]} {[%emt 00:01:00]} Rxc6 {[%clk 00:28:14]} {[%emt 00:00:49]} 39. Ne4
{[%clk 00:23:27]} {[%emt 00:00:58]} Qd8 {[%clk 00:27:08]} {[%emt 00:01:37]} 40.
f3 {[%clk 00:21:44]} {[%emt 00:02:13]} Rc4 {[%clk 00:26:09]} {[%emt 00:01:29]}
41. Kf2 {[%clk 00:19:38]} {[%emt 00:02:36]} Rxe4 {[%clk 00:26:28]} {[%emt
00:00:11]} 42. Rxe4 {[%clk 00:19:34]} {[%emt 00:00:34]} Nxg5 {[%clk 00:26:20]}
{[%emt 00:00:38]} 43. Rxe5 {[%clk 00:18:58]} {[%emt 00:01:06]} Qd2+ {[%clk
00:26:09]} {[%emt 00:00:40]} 44. Kf1 {[%clk 00:19:18]} {[%emt 00:00:10]} Qd3+
{[%clk 00:25:34]} {[%emt 00:01:05]} 45. Re2 {[%clk 00:19:01]} {[%emt 00:00:47]}
Nxf3 {[%clk 00:23:12]} {[%emt 00:02:53]} 46. gxf3 {[%clk 00:19:16]} {[%emt
00:00:15]} Qxf3+ {[%clk 00:23:39]} {[%emt 00:00:03]} 47. Ke1 {[%clk 00:19:24]}
{[%emt 00:00:22]} Qxc3+ {[%clk 00:24:04]} {[%emt 00:00:05]} 48. Qd2 {[%clk
00:19:49]} {[%emt 00:00:06]} Qa1+ {[%clk 00:24:11]} {[%emt 00:00:23]} 49. Kf2
{[%clk 00:20:14]} {[%emt 00:00:05]} Qf6+ {[%clk 00:24:37]} {[%emt 00:00:03]}
50. Kg1 {[%clk 00:20:36]} {[%emt 00:00:09]} Qb6+ {[%clk 00:24:34]} {[%emt
00:00:34]} 51. Qe3 {[%clk 00:21:04]} {[%emt 00:00:02]} 1-0

[Event "Deutsche Ländermeisterschaft 2023"]
[Site "Hannover GER"]
[Date "2023.10.02"]
[Round "3"]
[White "Sidletskyi, Ivan"]
[Black "Laux, Dominik"]
[Result "1/2-1/2"]
[Termination "normal"]
[Board "2.2"]
[WhiteTitle "FM"]
[BlackTitle "FM"]
[WhiteElo "2354"]
[BlackElo "2281"]
[WhiteClock "00:30:10"]
[BlackClock "00:03:53"]
[WhiteTeam "Rheinland-Pfalz"]
[BlackTeam "Hessen"]
[PlyCount "83"]
[WhiteFideId "14156024"]
[BlackFideId "12994219"]
[EventCountry "GER"]
[EventRounds "7"]
[EventType "team-swiss"]
[EventDate "2023.09.30"]

1. e4 {[%clk 01:30:59]} c5 {[%clk 01:30:39]} {[%emt 00:00:21]} 2. Nf3 {[%clk
01:31:21]} {[%emt 00:00:07]} d6 {[%clk 01:30:56]} {[%emt 00:00:13]} 3. c3
{[%clk 01:31:41]} {[%emt 00:00:10]} Nf6 {[%clk 01:30:16]} {[%emt 00:01:10]} 4.
Qc2 {[%clk 01:31:54]} {[%emt 00:00:17]} Qc7 {[%clk 01:25:36]} {[%emt 00:05:10]}
5. g3 {[%clk 01:31:02]} {[%emt 00:01:21]} e5 {[%clk 01:17:35]} {[%emt
00:08:31]} 6. Bg2 {[%clk 01:25:34]} {[%emt 00:05:58]} Be7 {[%clk 01:16:50]}
{[%emt 00:01:16]} 7. Na3 {[%clk 01:20:33]} {[%emt 00:05:31]} O-O {[%clk
01:12:51]} {[%emt 00:04:29]} 8. O-O {[%clk 01:14:06]} {[%emt 00:06:58]} Re8
{[%clk 01:07:33]} {[%emt 00:05:48]} 9. d4 {[%clk 01:09:19]} {[%emt 00:05:16]}
cxd4 {[%clk 01:00:03]} {[%emt 00:08:00]} 10. cxd4 {[%clk 01:09:32]} {[%emt
00:00:17]} Qxc2 {[%clk 00:55:53]} {[%emt 00:04:40]} 11. Nxc2 {[%clk 01:09:59]}
{[%emt 00:00:04]} Nxe4 {[%clk 00:54:00]} {[%emt 00:02:22]} 12. dxe5 {[%clk
01:09:25]} {[%emt 00:01:04]} dxe5 {[%clk 00:50:46]} {[%emt 00:03:45]} 13. Nxe5
{[%clk 01:08:34]} {[%emt 00:01:20]} Bf6 {[%clk 00:48:21]} {[%emt 00:02:54]} 14.
Nc4 {[%clk 00:58:12]} {[%emt 00:10:52]} Nc6 {[%clk 00:38:49]} {[%emt 00:10:02]}
15. Re1 {[%clk 00:51:33]} {[%emt 00:07:09]} Bf5 {[%clk 00:38:43]} {[%emt
00:00:36]} 16. g4 {[%clk 00:38:30]} {[%emt 00:13:33]} Bg6 {[%clk 00:38:14]}
{[%emt 00:00:59]} 17. f4 {[%clk 00:35:29]} {[%emt 00:03:32]} Bh4 {[%clk
00:25:35]} {[%emt 00:13:10]} 18. Re2 {[%clk 00:30:47]} {[%emt 00:05:11]} f6
{[%clk 00:19:19]} {[%emt 00:06:46]} 19. f5 {[%clk 00:18:49]} {[%emt 00:12:28]}
Bf7 {[%clk 00:18:28]} {[%emt 00:01:21]} 20. Rxe4 {[%clk 00:15:44]} {[%emt
00:03:35]} Rxe4 {[%clk 00:18:44]} {[%emt 00:00:13]} 21. Bxe4 {[%clk 00:16:01]}
{[%emt 00:00:13]} Bxc4 {[%clk 00:18:41]} {[%emt 00:00:34]} 22. Ne3 {[%clk
00:14:45]} {[%emt 00:01:46]} Bf7 {[%clk 00:17:31]} {[%emt 00:01:40]} 23. Ng2
{[%clk 00:14:44]} {[%emt 00:00:31]} Bg5 {[%clk 00:17:55]} {[%emt 00:00:06]} 24.
Bxg5 {[%clk 00:13:42]} {[%emt 00:01:32]} fxg5 {[%clk 00:18:16]} {[%emt
00:00:09]} 25. b3 {[%clk 00:07:04]} {[%emt 00:07:07]} Rd8 {[%clk 00:16:38]}
{[%emt 00:02:08]} 26. Ne3 {[%clk 00:05:33]} {[%emt 00:02:02]} Kf8 {[%clk
00:14:47]} {[%emt 00:02:21]} 27. Rc1 {[%clk 00:04:31]} {[%emt 00:01:32]} Rd2
{[%clk 00:12:40]} {[%emt 00:02:37]} 28. Rc2 {[%clk 00:03:57]} {[%emt 00:01:04]}
Rxc2 {[%clk 00:12:26]} {[%emt 00:00:44]} 29. Nxc2 {[%clk 00:04:22]} {[%emt
00:00:05]} Ke7 {[%clk 00:12:26]} {[%emt 00:00:30]} 30. Bxc6 {[%clk 00:02:45]}
{[%emt 00:02:07]} bxc6 {[%clk 00:12:55]} {[%emt 00:00:01]} 31. Kf2 {[%clk
00:03:04]} {[%emt 00:00:11]} Kd6 {[%clk 00:08:20]} {[%emt 00:05:05]} 32. Ke3
{[%clk 00:03:04]} {[%emt 00:00:30]} Bd5 {[%clk 00:07:23]} {[%emt 00:01:27]} 33.
Nd4 {[%clk 00:02:51]} {[%emt 00:00:43]} h6 {[%clk 00:07:23]} {[%emt 00:00:30]}
34. a3 {[%clk 00:00:54]} {[%emt 00:02:27]} c5 {[%clk 00:03:15]} {[%emt
00:04:40]} 35. Nb5+ {[%clk 00:01:17]} {[%emt 00:00:06]} Kc6 {[%clk 00:02:46]}
{[%emt 00:00:59]} 36. Nxa7+ {[%clk 00:01:16]} {[%emt 00:00:31]} Kb6 {[%clk
00:02:58]} {[%emt 00:00:18]} 37. Nc8+ {[%clk 00:01:09]} {[%emt 00:00:36]} Kc7
{[%clk 00:03:16]} {[%emt 00:00:12]} 38. Na7 {[%clk 00:00:44]} {[%emt 00:00:55]}
Kb6 {[%clk 00:03:03]} {[%emt 00:00:43]} 39. Nc8+ {[%clk 00:01:11]} {[%emt
00:00:03]} Kc7 {[%clk 00:03:29]} {[%emt 00:00:05]} 40. Na7 {[%clk 00:00:56]}
{[%emt 00:00:45]} Kb6 {[%clk 00:03:27]} {[%emt 00:00:32]} 41. Nc8+ {[%clk
00:01:03]} {[%emt 00:00:22]} Kc7 {[%clk 00:03:53]} {[%emt 00:00:04]} 42. Na7
{[%clk 00:30:10]} {[%emt 00:01:23]} 1/2-1/2

[Event "Deutsche Ländermeisterschaft 2023"]
[Site "Hannover GER"]
[Date "2023.10.02"]
[Round "3"]
[White "Lesny, Florian"]
[Black "Musiolik, David"]
[Result "1-0"]
[Termination "normal"]
[Board "2.3"]
[WhiteElo "2222"]
[BlackElo "2263"]
[WhiteClock "00:10:33"]
[BlackClock "00:31:27"]
[WhiteTeam "Hessen"]
[BlackTeam "Rheinland-Pfalz"]
[PlyCount "119"]
[WhiteFideId "12973874"]
[BlackFideId "12972355"]
[EventCountry "GER"]
[EventRounds "7"]
[EventType "team-swiss"]
[EventDate "2023.09.30"]

1. e4 {[%clk 01:30:58]} {[%emt 00:00:01]} c6 {[%clk 01:30:46]} {[%emt
00:00:15]} 2. d4 {[%clk 01:31:18]} {[%emt 00:00:09]} d5 {[%clk 01:31:04]}
{[%emt 00:00:13]} 3. Nd2 {[%clk 01:31:25]} {[%emt 00:00:23]} dxe4 {[%clk
01:31:21]} {[%emt 00:00:13]} 4. Nxe4 {[%clk 01:31:45]} {[%emt 00:00:09]} Nf6
{[%clk 01:31:12]} {[%emt 00:00:40]} 5. Nxf6+ {[%clk 01:32:04]} {[%emt
00:00:11]} exf6 {[%clk 01:31:31]} {[%emt 00:00:10]} 6. c3 {[%clk 01:32:18]}
{[%emt 00:00:17]} Bd6 {[%clk 01:31:43]} {[%emt 00:00:17]} 7. Bd3 {[%clk
01:32:36]} {[%emt 00:00:12]} O-O {[%clk 01:31:47]} {[%emt 00:00:27]} 8. Ne2
{[%clk 01:32:23]} {[%emt 00:00:43]} Re8 {[%clk 01:30:56]} {[%emt 00:01:21]} 9.
Qc2 {[%clk 01:30:25]} {[%emt 00:02:27]} h5 {[%clk 01:27:58]} {[%emt 00:03:28]}
10. O-O {[%clk 01:30:33]} {[%emt 00:00:22]} h4 {[%clk 01:28:00]} {[%emt
00:00:28]} 11. h3 {[%clk 01:30:49]} {[%emt 00:00:13]} Nd7 {[%clk 01:27:31]}
{[%emt 00:00:59]} 12. Bd2 {[%clk 01:29:54]} {[%emt 00:01:23]} Nf8 {[%clk
01:21:55]} {[%emt 00:06:07]} 13. Rae1 {[%clk 01:30:06]} {[%emt 00:00:18]} g6
{[%clk 01:17:24]} {[%emt 00:05:02]} 14. Nf4 {[%clk 01:23:13]} {[%emt 00:07:23]}
Rxe1 {[%clk 01:13:22]} {[%emt 00:04:33]} 15. Rxe1 {[%clk 01:23:30]} {[%emt
00:00:12]} f5 {[%clk 01:10:36]} {[%emt 00:03:17]} 16. Bc4 {[%clk 01:03:20]}
{[%emt 00:20:39]} a5 {[%clk 00:58:41]} {[%emt 00:12:26]} 17. a4 {[%clk
01:00:00]} {[%emt 00:03:50]} Kg7 {[%clk 00:38:54]} {[%emt 00:20:16]} 18. Qc1
{[%clk 00:54:08]} {[%emt 00:06:20]} Be7 {[%clk 00:38:19]} {[%emt 00:01:08]} 19.
Qd1 {[%clk 00:50:59]} {[%emt 00:03:37]} Bf6 {[%clk 00:34:12]} {[%emt 00:04:40]}
20. Qf3 {[%clk 00:43:13]} {[%emt 00:08:12]} Nh7 {[%clk 00:32:19]} {[%emt
00:02:28]} 21. Nd3 {[%clk 00:41:48]} {[%emt 00:01:53]} Ng5 {[%clk 00:31:27]}
{[%emt 00:01:23]} 22. Bxg5 {[%clk 00:39:24]} {[%emt 00:02:55]} Bxg5 {[%clk
00:31:17]} {[%emt 00:00:40]} 23. Ne5 {[%clk 00:38:47]} {[%emt 00:01:07]} Be6
{[%clk 00:30:21]} {[%emt 00:01:26]} 24. Bxe6 {[%clk 00:38:21]} {[%emt
00:00:56]} fxe6 {[%clk 00:30:44]} {[%emt 00:00:06]} 25. Nd3 {[%clk 00:37:21]}
{[%emt 00:01:30]} Qd5 {[%clk 00:24:59]} {[%emt 00:06:15]} 26. Nc5 {[%clk
00:32:26]} {[%emt 00:05:25]} Qxf3 {[%clk 00:14:58]} {[%emt 00:10:31]} 27. gxf3
{[%clk 00:32:39]} {[%emt 00:00:16]} Kf7 {[%clk 00:11:31]} {[%emt 00:03:57]} 28.
Nxb7 {[%clk 00:27:59]} {[%emt 00:05:11]} Rb8 {[%clk 00:03:25]} {[%emt
00:08:36]} 29. Nd6+ {[%clk 00:26:56]} {[%emt 00:01:32]} Kf6 {[%clk 00:02:45]}
{[%emt 00:01:10]} 30. Nc4 {[%clk 00:27:02]} {[%emt 00:00:23]} Bf4 {[%clk
00:02:52]} {[%emt 00:00:25]} 31. Re2 {[%clk 00:22:03]} {[%emt 00:05:27]} Bc7
{[%clk 00:03:13]} {[%emt 00:00:10]} 32. Kg2 {[%clk 00:14:41]} {[%emt 00:07:53]}
g5 {[%clk 00:02:54]} {[%emt 00:00:50]} 33. Re1 {[%clk 00:10:41]} {[%emt
00:04:29]} Rd8 {[%clk 00:00:54]} {[%emt 00:02:30]} 34. Rb1 {[%clk 00:07:58]}
{[%emt 00:03:12]} Rd5 {[%clk 00:00:38]} {[%emt 00:00:47]} 35. Ne3 {[%clk
00:05:34]} {[%emt 00:02:54]} Rd7 {[%clk 00:00:38]} {[%emt 00:00:30]} 36. b4
{[%clk 00:04:40]} {[%emt 00:01:24]} e5 {[%clk 00:00:56]} {[%emt 00:00:13]} 37.
dxe5+ {[%clk 00:04:15]} {[%emt 00:00:54]} Bxe5 {[%clk 00:01:01]} {[%emt
00:00:25]} 38. bxa5 {[%clk 00:03:46]} {[%emt 00:01:00]} Ra7 {[%clk 00:00:54]}
{[%emt 00:00:36]} 39. Rb6 {[%clk 00:03:34]} {[%emt 00:00:42]} Rxa5 {[%clk
00:01:08]} {[%emt 00:00:15]} 40. Rxc6+ {[%clk 00:03:12]} {[%emt 00:00:53]} Kf7
{[%clk 00:01:29]} {[%emt 00:00:09]} 41. Nc4 {[%clk 00:25:04]} {[%emt 00:08:37]}
Rd5 {[%clk 00:31:53]} {[%emt 00:00:07]} 42. Nxe5+ {[%clk 00:24:30]} {[%emt
00:01:05]} Rxe5 {[%clk 00:32:17]} {[%emt 00:00:05]} 43. f4 {[%clk 00:23:59]}
{[%emt 00:01:01]} Ra5 {[%clk 00:30:54]} {[%emt 00:01:53]} 44. fxg5 {[%clk
00:23:47]} {[%emt 00:00:43]} Rxa4 {[%clk 00:31:16]} {[%emt 00:00:07]} 45. Rf6+
{[%clk 00:24:01]} {[%emt 00:00:16]} Kg7 {[%clk 00:31:37]} {[%emt 00:00:09]} 46.
Rc6 {[%clk 00:15:48]} {[%emt 00:08:43]} Rf4 {[%clk 00:30:33]} {[%emt 00:01:35]}
47. c4 {[%clk 00:15:11]} {[%emt 00:01:06]} Rd4 {[%clk 00:30:48]} {[%emt
00:00:15]} 48. Kf3 {[%clk 00:11:27]} {[%emt 00:04:15]} Rd3+ {[%clk 00:31:11]}
{[%emt 00:00:06]} 49. Kf4 {[%clk 00:10:34]} {[%emt 00:01:24]} Rxh3 {[%clk
00:31:32]} {[%emt 00:00:09]} 50. Kxf5 {[%clk 00:10:57]} {[%emt 00:00:07]} Rf3+
{[%clk 00:29:12]} {[%emt 00:02:49]} 51. Kg4 {[%clk 00:11:21]} {[%emt 00:00:06]}
Rxf2 {[%clk 00:29:38]} {[%emt 00:00:04]} 52. Kxh4 {[%clk 00:11:44]} {[%emt
00:00:07]} Rg2 {[%clk 00:29:05]} {[%emt 00:01:03]} 53. Kh5 {[%clk 00:11:45]}
{[%emt 00:00:28]} Rh2+ {[%clk 00:29:26]} {[%emt 00:00:10]} 54. Kg4 {[%clk
00:11:45]} {[%emt 00:00:30]} Kf7 {[%clk 00:29:51]} {[%emt 00:00:06]} 55. Kf5
{[%clk 00:11:34]} {[%emt 00:00:40]} Rf2+ {[%clk 00:30:12]} {[%emt 00:00:09]}
56. Ke5 {[%clk 00:11:47]} {[%emt 00:00:15]} Rg2 {[%clk 00:30:38]} {[%emt
00:00:06]} 57. g6+ {[%clk 00:11:24]} {[%emt 00:00:52]} Ke7 {[%clk 00:31:01]}
{[%emt 00:00:07]} 58. Rc7+ {[%clk 00:10:17]} {[%emt 00:01:34]} Kd8 {[%clk
00:31:17]} {[%emt 00:00:15]} 59. Rg7 {[%clk 00:10:33]} {[%emt 00:00:13]} Rc2
{[%clk 00:31:27]} {[%emt 00:00:22]} 60. Ke4 {[%emt 00:00:49]} 1-0

[Event "Deutsche Ländermeisterschaft 2023"]
[Site "Hannover GER"]
[Date "2023.10.02"]
[Round "3"]
[White "Gröschel, Karoline"]
[Black "Sydykov, Bayastan"]
[Result "0-1"]
[Termination "normal"]
[Board "2.4"]
[WhiteElo "1962"]
[BlackElo "2059"]
[WhiteClock "00:41:32"]
[BlackClock "00:19:51"]
[WhiteTeam "Rheinland-Pfalz"]
[BlackTeam "Hessen"]
[PlyCount "102"]
[WhiteFideId "34610537"]
[BlackFideId "13829610"]
[EventCountry "GER"]
[EventRounds "7"]
[EventType "team-swiss"]
[EventDate "2023.09.30"]

1. e4 {[%clk 01:30:58]} {[%emt 00:00:01]} e6 {[%clk 01:30:44]} {[%emt
00:00:16]} 2. d4 {[%clk 01:31:23]} {[%emt 00:00:04]} d5 {[%clk 01:31:01]}
{[%emt 00:00:14]} 3. Nc3 {[%clk 01:31:49]} {[%emt 00:00:04]} Nf6 {[%clk
01:31:14]} {[%emt 00:00:17]} 4. e5 {[%clk 01:32:13]} {[%emt 00:00:06]} Nfd7
{[%clk 01:31:37]} {[%emt 00:00:07]} 5. f4 {[%clk 01:32:39]} {[%emt 00:00:05]}
c5 {[%clk 01:31:50]} {[%emt 00:00:17]} 6. Nf3 {[%clk 01:33:03]} {[%emt
00:00:05]} Nc6 {[%clk 01:31:52]} {[%emt 00:00:28]} 7. Be3 {[%clk 01:33:25]}
{[%emt 00:00:07]} Rb8 {[%clk 01:31:29]} {[%emt 00:00:54]} 8. Be2 {[%clk
01:23:43]} {[%emt 00:10:12]} Qa5 {[%clk 01:25:48]} {[%emt 00:06:12]} 9. a3
{[%clk 01:20:13]} {[%emt 00:04:00]} b5 {[%clk 01:22:11]} {[%emt 00:04:07]} 10.
O-O {[%clk 01:12:43]} {[%emt 00:08:00]} b4 {[%clk 00:47:00]} {[%emt 00:35:41]}
11. axb4 {[%clk 01:09:28]} {[%emt 00:03:44]} Qxb4 {[%clk 00:47:28]} {[%emt
00:00:03]} 12. Qd2 {[%clk 01:01:54]} {[%emt 00:08:03]} cxd4 {[%clk 00:46:09]}
{[%emt 00:01:49]} 13. Nxd4 {[%clk 01:02:08]} {[%emt 00:00:16]} Nxd4 {[%clk
00:45:11]} {[%emt 00:01:28]} 14. Bxd4 {[%clk 01:02:22]} {[%emt 00:00:16]} Bc5
{[%clk 00:43:01]} {[%emt 00:02:40]} 15. Bxc5 {[%clk 01:00:26]} {[%emt
00:02:26]} Qxc5+ {[%clk 00:34:46]} {[%emt 00:08:44]} 16. Kh1 {[%clk 00:59:59]}
{[%emt 00:00:56]} Rxb2 {[%clk 00:28:55]} {[%emt 00:06:21]} 17. Bd3 {[%clk
00:57:25]} {[%emt 00:03:04]} Rb8 {[%clk 00:26:54]} {[%emt 00:02:32]} 18. Ne2
{[%clk 00:49:51]} {[%emt 00:08:03]} O-O {[%clk 00:25:09]} {[%emt 00:02:15]} 19.
Rf3 {[%clk 00:46:20]} {[%emt 00:04:02]} f6 {[%clk 00:15:38]} {[%emt 00:10:01]}
20. Rh3 {[%clk 00:42:33]} {[%emt 00:04:16]} g6 {[%clk 00:14:23]} {[%emt
00:01:47]} 21. Qe1 {[%clk 00:41:36]} {[%emt 00:01:27]} Rf7 {[%clk 00:12:27]}
{[%emt 00:02:26]} 22. Qh4 {[%clk 00:41:46]} {[%emt 00:00:20]} Nf8 {[%clk
00:11:12]} {[%emt 00:01:45]} 23. exf6 {[%clk 00:37:44]} {[%emt 00:04:31]} e5
{[%clk 00:11:27]} {[%emt 00:00:15]} 24. fxe5 {[%clk 00:36:56]} {[%emt
00:01:17]} Bxh3 {[%clk 00:11:55]} {[%emt 00:00:03]} 25. Qxh3 {[%clk 00:37:18]}
{[%emt 00:00:08]} Re8 {[%clk 00:11:55]} {[%emt 00:00:30]} 26. Qg3 {[%clk
00:37:06]} {[%emt 00:00:41]} Qc7 {[%clk 00:12:01]} {[%emt 00:00:24]} 27. Nf4
{[%clk 00:36:42]} {[%emt 00:00:54]} Qxe5 {[%clk 00:12:05]} {[%emt 00:00:27]}
28. Rf1 {[%clk 00:36:21]} {[%emt 00:00:50]} Rxf6 {[%clk 00:12:09]} {[%emt
00:00:26]} 29. Qf3 {[%clk 00:34:30]} {[%emt 00:02:21]} Rd8 {[%clk 00:10:29]}
{[%emt 00:02:10]} 30. Nxg6 {[%clk 00:29:16]} {[%emt 00:05:44]} Rxg6 {[%clk
00:09:26]} {[%emt 00:01:34]} 31. Bxg6 {[%clk 00:28:31]} {[%emt 00:01:15]} Nxg6
{[%clk 00:09:49]} {[%emt 00:00:07]} 32. Qf7+ {[%clk 00:28:14]} {[%emt
00:00:47]} Kh8 {[%clk 00:10:18]} {[%emt 00:00:02]} 33. Qxa7 {[%emt 00:00:09]}
Rf8 {[%clk 00:09:48]} {[%emt 00:00:59]} 34. Rd1 {[%clk 00:27:36]} {[%emt
00:01:29]} Nh4 {[%clk 00:08:14]} {[%emt 00:02:04]} 35. Qc5 {[%clk 00:26:57]}
{[%emt 00:01:09]} Ng6 {[%clk 00:06:47]} {[%emt 00:01:58]} 36. h3 {[%clk
00:26:36]} {[%emt 00:00:51]} Rf5 {[%clk 00:05:46]} {[%emt 00:01:31]} 37. Qc8+
{[%emt 00:07:03]} Kg7 {[%clk 00:05:02]} {[%emt 00:01:11]} 38. Qb7+ {[%clk
00:20:25]} {[%emt 00:00:11]} Rf7 {[%clk 00:05:01]} {[%emt 00:00:31]} 39. Qb6
{[%clk 00:19:18]} {[%emt 00:01:36]} d4 {[%clk 00:03:17]} {[%emt 00:02:15]} 40.
Kg1 {[%clk 00:17:04]} {[%emt 00:02:43]} Nf4 {[%clk 00:02:58]} {[%emt 00:00:49]}
41. Kh1 {[%clk 00:15:55]} {[%emt 00:01:39]} Ne6 {[%clk 00:29:45]} {[%emt
00:03:43]} 42. Qb4 {[%clk 00:44:55]} {[%emt 00:01:30]} Qe2 {[%clk 00:26:23]}
{[%emt 00:03:52]} 43. Re1 {[%clk 00:43:56]} {[%emt 00:01:28]} Rf1+ {[%clk
00:26:45]} {[%emt 00:00:08]} 44. Rxf1 {[%clk 00:44:22]} {[%emt 00:00:05]} Qxf1+
{[%clk 00:27:10]} {[%emt 00:00:05]} 45. Kh2 {[%clk 00:44:46]} {[%emt 00:00:05]}
Qf4+ {[%clk 00:26:46]} {[%emt 00:00:54]} 46. Kh1 {[%clk 00:44:49]} {[%emt
00:00:27]} Kf6 {[%clk 00:26:00]} {[%emt 00:01:16]} 47. Qa3 {[%clk 00:44:08]}
{[%emt 00:01:11]} Qe3 {[%clk 00:24:54]} {[%emt 00:01:36]} 48. Qb2 {[%clk
00:43:59]} {[%emt 00:00:39]} Kg5 {[%clk 00:20:06]} {[%emt 00:05:18]} 49. Qb5+
{[%clk 00:44:09]} {[%emt 00:00:20]} Kh4 {[%clk 00:19:38]} {[%emt 00:00:59]} 50.
Qd7 {[%clk 00:43:28]} {[%emt 00:01:10]} Kg3 {[%clk 00:19:30]} {[%emt 00:00:38]}
51. Qd6+ {[%clk 00:41:32]} {[%emt 00:02:26]} Nf4 {[%clk 00:19:51]} {[%emt
00:00:09]} 0-1